000 01131nam a2200253 i 4500
001 86321
003 ES-MaACL
005 20250805055023.0
007 t|
008 041227s2000 sp ||||1| spa d
080 _a929 Carlos (460) I
080 _a940"15/16"
245 0 0 _aCarlos I [
_hRecurso electrónico].
260 _a[Madrid] :
_bDolmen,
_c[2000]
300 _a1 disco compacto (CD-ROM) :
_bson., col. ;
_c12 cm.
490 1 _aLa historia y sus protagonistas ;
_v7
500 _aRequerimientos del sistema: Procesador Pentium 200 MMX o superior, Memoria RAM 32 Mb o más, Espacio libre en disco duro de 10 Mb o más, Windows 95 o posterior, Tarjeta gráfica 2 Mb, Lector de CD-ROM 16X o superior, Tarjeta de sonido con capacidad de sonido digitalizado y MIDI.
505 8 _aContiene: El Imperio español en Europa y los conflictos de religión: siglos XVI-XVII
600 0 4 _aCarlos
_bI,
_cRey de España-
_xBiografías-
_vCD-ROM
_935298
651 4 _aEuropa-
_xHistoria-
_y1517-1648.
_9148148
830 0 _aLa historia y sus protagonistas ;
_v7
_9183979
852 _aES-MaACL
_jROT 1/4/13
999 _c86321
_d86321